List all the Austric Languages - Statistics

General Stats
  • This quiz has been taken 316 times
    249 since last reset
  • The average score is 21 of 81
Answer Stats
Native Speakers Language % Correct
19 million Malay
92%
23 million Tagalog
87%
68 million Javanese
81%
43 million Indonesian
80%
75 million Vietnamese
78%
16 million Khmer
73%
50k Maori
69%
339k Fijian
66%
510k Samoan
65%
187k Tongan
63%
32 million Sundanese
62%
15 million Cebuano
59%
25 million Malagasy
57%
17k Palauan
56%
120k Gilbertese
53%
24k Hawaiian
53%
55k Marshallese
53%
10k Tuvaluan
53%
3.3 million Balinese
50%
6k Nauruan
50%
68k Tahitian
40%
8.1 million Ilocano
36%
300k Cham
35%
3.5 million Acehnese
34%
390k Tetum
34%
10k Bislama
29%
58k Chamorro
29%
1k Rapa Nui
29%
120k Hiri Motu
28%
2k Niuean
28%
51k Chuukese
27%
6.7 million Madurese
26%
3.7 million Hmong
25%
4 million Buginese
23%
9.3 million Hiligaynon
23%
2.1 million Makassarese
20%
3.5 million Banjarese
19%
2 million Batak
19%
5.5 million Minangkabau
19%
3.5 million Waray
17%
2 million Kapampangan
14%
2.7 million Sasak
14%
790k Iban
12%
1.2 million Pangasinan
12%
300k Sumbawa
12%
200k Amis
11%
33k Ivatan
11%
750k Toraja
9%
260k Jarai
8%
770k Nias
8%
1.1 million Tausug
8%
5.4k Ajie
7%
2.5 million Bicolano
7%
38k Bunun
7%
13k Drehu
7%
900k Manggarainese
7%
60k Minahasan
7%
8.7k Nengone
7%
4k Sara
7%
2.1k Tsou
7%
460k Aklanon
6%
7.3k Paici
6%
20k Seediq
6%
260k Bajaw
5%
11k Kembayan
5%
23k Lara
5%
500k Mandarese
5%
1 million Marano
5%
9.9k Roviana
5%
95k Tboli
5%
4k Bakati
4%
72k Biatah
4%
49k Bukar-Sadong
4%
650k Capiznon
4%
29k Jagoi
4%
37k Jangkang
4%
54k Nyadu
4%
45k Ribun
4%
45k Sanggau
4%
20k Semadang
4%
5.7k Xaracuu
4%
No matching quizzes found
Score Distribution
Percent of People with Each Score
Percentile by Number Answered
Your Score History
You have not taken this quiz since the last reset